| 000 | 01019nam a2200253 a 4500 | ||
|---|---|---|---|
| 005 | 20260218144054.0 | ||
| 008 | 060216s1993 cauab||gr|||||||||||eng|d | ||
| 020 | _a978-0-520-21956-4 (pbk : alk. paper) | ||
| 020 | _a0520-21956-2 | ||
| 040 |
_aAM-YeHGA _cAM-YeHGA |
||
| 041 | 0 | _aeng | |
| 100 | 1 | _aMiller, Donald E. | |
| 245 | 1 | 0 |
_aSurvivors : _bAn Oral history of the Armenian Genocide / _cDonald E. Miller, Lorna Touryan Miller. |
| 260 |
_aBerkeley, Calif. : _bUniversity of California Press, _c1993. |
||
| 300 |
_axii, 242 p. : _bill., map ; _c23 cm. |
||
| 504 | _aIncludes bibliographical references and index. | ||
| 505 | 2 | _aHistorical background--Survivor accounts--Analysis. | |
| 650 | 1 | 4 |
_aՀայոց ցեղասպանություն (1915-1923) _vԱնձնական պատմություններ _95101 |
| 650 | 1 | 4 |
_aArmenian Genocide (1915–1923) _vPersonal narratives |
| 650 | 1 | 4 | _aArmenian massacres survivors |
| 650 | 1 | 4 | _aOral history |
| 700 | 1 |
_aMiller, Lorna Touryan _eհեղ․ |
|
| 942 |
_2udc _cBK |
||
| 999 |
_c525702 _d525702 |
||